Programación en Turbo C

Đã lưu trong:
Chi tiết về thư mục
Tác giả chính: Schildt, Herbert (Tác giả)
Định dạng: Sách
Ngôn ngữ:Tiếng Tây Ban Nha
Được phát hành: Madrid Borland 1988
Loạt:Serie Programación
Những chủ đề:
Các nhãn: Thêm thẻ
Không có thẻ, Là người đầu tiên thẻ bản ghi này!

MARC

LEADER 00000nam a2200000 a 4500
001 UCW0898
003 CL-VaPUC
008 900111e19880000SP |||||||||||||||||spa|d
082 0 4 |a 005.133  |b SCH  |2 21 
100 0 |a Schildt, Herbert  |e author  |9 304821 
245 1 0 |a Programación en Turbo C 
300 |a 382 p 
942 |c BK 
945 |d 19900111 00:00:00 
260 |a Madrid  |b Borland  |c 1988 
650 0 |a Lenguajes de programación   |9 259458 
650 7 |a COMPUTADORES ELECTRONICOS DIGITALES  |2 CL-VaPUC  |9 259415 
650 0 |a Programación   |9 259316 
650 7 |a TURBO C PROGRAMA PARA COMPUTADOR  |2 CL-VaPUC  |9 270221 
583 |a last modification  |c 19900111 00:00:00  |k Rodrigo Vera 
490 0 |a Serie Programación 
999 |c 215923  |d 215921 
952 |0 0  |1 0  |4 0  |6 005_133000000000000_SCH_1988  |7 0  |8 A  |9 201167  |a BIBMAT  |b BIBMAT  |d 2019-11-14  |i 2683490  |l 1  |o 005.133 SCH 1988  |p 2683490  |r 2025-01-07  |s 2022-07-13  |w 2019-11-14  |y BK  |k MAT